00469nam a2200133Ia 4500008004100000082001500041100003000056245013400086260003900220300001400259520001100273650002800284700002300312230907s9999||||xx |||||||||||||| ||und|| a621.3bHAF aHafsa Ahmad (00000317868) 0aMonitoring Transient Stability in Electric Power Systems using a Hybrid Model of Convolutional Neural Network and Random Forest / aUSPCAS-E, NUST,bIslamabad :c2022 aix, 57 p. aTH-447 aMS-EEP Thesis MS Thesis aDr Muhammad Yousif